El ADN en criminalística /
Guardado en:
| Autor Principal: | |
|---|---|
| Otros Autores: | , |
| Formato: | Libro |
| Idioma: | Spanish |
| Publicado: |
Ciudad Autónoma de Buenos Aires :
Astrea,
2014.
|
| Materias: | |
| Etiquetas: |
Agregar Etiqueta
Sin Etiquetas, Sea el primero en etiquetar este registro!
|
| LEADER | 00809nam a22002055a 4500 | ||
|---|---|---|---|
| 001 | DER.der014093 | ||
| 008 | 190917s2014####ag#||||||||||||||#||spa|| | ||
| 005 | 20260126120322.0 | ||
| 245 | 1 | 0 | |a El ADN en criminalística / |c Primarosa Chieri y Ricardo A. Basílico ; con prólogo de Ángel Carracedo. |
| 260 | |a Ciudad Autónoma de Buenos Aires : |b Astrea, |c 2014. | ||
| 300 | |a 224 p. | ||
| 500 | |a Escena del crimen. Análisis ADN y metodología forense. Cadena de custodia. Valor de las pruebas ciantíficas. Evidencias biológicas. Avances tecnológicos. | ||
| 100 | 1 | |a Chieri, Primarosa. | |
| 700 | 1 | |a Basílico, Ricardo A. | |
| 700 | 1 | |a Carracedo, Ángel, |e prol. | |
| 653 | |a CRIMINALÍSTICA | ||
| 650 | 7 | |a Prueba de ADN | |
| 653 | |a Derecho Penal | ||
| 653 | |a Prueba | ||
| 859 | |a DERECHO |b BIB. DERECHO |h 345.05 |i CHI |p 009324 | ||
